Prvý krok v reforme sociálneho systému na Slovensku

Od r. 2004 sa posilní zodpovednosť občanov za výšku ich dôchodkov. Občania sa budú môcť rozhodnúť, kedy odídu do dôchodku. Zníženie odvodového zaťaženia zamestnávateľov. Úprava systému valorizácie dôchodkov. Dôchodky podľa zásluh. Predĺženie dôchodkového veku na 62 rokov (u mužov i žien). Platenie p...

Descrizione completa

Salvato in:
Dettagli Bibliografici
Autore principale: Gottweisová, Alena
Altri autori: Tettinger, Marek
Natura: Capitolo di libro
Lingua:slovacco
Soggetti:
Tags: Aggiungi Tag
Nessun Tag, puoi essere il primo ad aggiungerne!!

MARC

LEADER 00000naa a2200000 4500
001 r049264
005 20230925124508.8
041 0 |a slo 
044 |a SK 
245 1 0 |a Prvý krok v reforme sociálneho systému na Slovensku  |c Alena Gottweisová, Marek Tettinger 
520 |a Od r. 2004 sa posilní zodpovednosť občanov za výšku ich dôchodkov. Občania sa budú môcť rozhodnúť, kedy odídu do dôchodku. Zníženie odvodového zaťaženia zamestnávateľov. Úprava systému valorizácie dôchodkov. Dôchodky podľa zásluh. Predĺženie dôchodkového veku na 62 rokov (u mužov i žien). Platenie pri práceneschopnosti. 
610 2 0 |a systémy sociálne 
610 2 0 |a reformy 
610 2 0 |a dôchodky 
610 2 0 |a dôchodky starobné 
610 2 0 |a valorizácia 
610 2 0 |a odvody 
610 2 0 |a zamestnávatelia 
610 2 0 |a vek 
610 2 0 |a práceneschopnosť 
100 1 |a Gottweisová, Alena 
700 1 |a Tettinger, Marek